000 00573nam a2200181 4500
003 OSt
005 20240715032732.0
006 a
008 240715b |||||||| |||| 00| 0 eng d
040 _aDWCL-Main lib.
_cOC
082 _aFil. 265.1 C536 1994
110 _aResearch Publication Mother of Life Center
245 _aA child is born to us! : celebrating the sacrament of baptism : a family guide /
260 _aQuezon City :
_bMother of Life Center,
_cc1994.
300 _aiv,
_b107 p. : ill. ;
_c19 cm.
650 _a1. Baptism.
942 _2ddc
_n0
_cBK - FIL
_kFil.
999 _c2170
_d2170